Statystyki dla 10 najdroższych miast świata

Kliknij tutaj aby rozwiązać quiz!

Ogólne statystyki

  • Ten quiz został rozwiązany 479 razy
  • Średni wynik to 6 z 10

Statystyki odpowiedzi

Miejsce w rankinguPaństwoMiasto% Poprawnych
9.ChinyPekin
94%
2.JaponiaTokio
94%
10.SzwajcariaBerno
80%
5.Korea PołudniowaSeul
79%
4.SingapurSingapur
74%
7.ChinySzanghaj
68%
3.SzwajcariaZurych
60%
6.AngolaLuanda
25%
8.CzadNdżamena
20%
1.ChinyHonkong
7%

Rozkład punktacji

Percentyl według liczby udzielonych odpowiedzi

Procent ludzi z każdym wynikiem

Twoja historia wyników

Nie rozwiązałeś tego quizu